<?xml version="1.0" encoding="UTF-8"?>
<collection xmlns="http://www.loc.gov/MARC21/slim">
 <record>
  <leader>00509nam a22001695a 4500</leader>
  <controlfield tag="001">CEM.cems009400</controlfield>
  <controlfield tag="005">20060214000000.0</controlfield>
  <controlfield tag="008">130507b######################000#0#####d</controlfield>
  <controlfield tag="003">CEMS</controlfield>
  <datafield tag="082" ind1="0" ind2="4">
   <subfield code="a">F982.1</subfield>
  </datafield>
  <datafield tag="245" ind1="0" ind2="0">
   <subfield code="a">Ingeniero white y galvan recuperan espacios vitales [folleto] /</subfield>
  </datafield>
  <datafield tag="260" ind1=" " ind2=" ">
   <subfield code="a">La Plata :</subfield>
   <subfield code="b">Latina Comunicaciones,    0</subfield>
  </datafield>
  <datafield tag="300" ind1=" " ind2=" ">
   <subfield code="a">13-15 p.p.</subfield>
  </datafield>
  <datafield tag="653" ind1=" " ind2=" ">
   <subfield code="a">Bahia blanca-puertos</subfield>
  </datafield>
  <datafield tag="653" ind1=" " ind2=" ">
   <subfield code="a">Bahia blanca-zona franca</subfield>
  </datafield>
  <datafield tag="653" ind1=" " ind2=" ">
   <subfield code="a">Fc</subfield>
  </datafield>
  <datafield tag="859" ind1=" " ind2=" ">
   <subfield code="a">CEMS</subfield>
   <subfield code="b">BIB. CEMS - 11 de abril</subfield>
   <subfield code="h">F982.1</subfield>
   <subfield code="i">4-7</subfield>
   <subfield code="p">1499.44</subfield>
   <subfield code="t">Ej.1</subfield>
  </datafield>
 </record>
</collection>
